01191nam a2200289Ia 4500001001200000003000800012006001900020007001500039008004100054020001500095040002100110035002100131050002500152245013800177260005500315300001500370504005100385533015200436650004000588650002600628655002900654700002900683700002700712710001700739856012600756999001900882ebr10056832CaPaEBRm u cr cn|||||||||040925s1988 dcu gsb 001 0 eng d z0309037921 aCaPaEBRcCaPaEBR a(OCoLC)61459226614aBF637.S4bE56 1988eb00aEnhancing human performanceh[electronic resource] :bissues, theories, and techniques /cDaniel Druckman and John A. Swets, editors. aWashington, D.C. :bNational Academy Press,c1988. axi, 299 p. aIncludes bibliographical references and index. aElectronic reproduction.bPalo Alto, Calif. :cebrary,d2009.nAvailable via World Wide Web.nAccess may be limited to ebrary affiliated libraries. 0aPerformancexPsychological aspects. 0aPersonnel management. 7aElectronic books.2local1 aDruckman, Daniel,d1939-1 aSwets, John A.,d1928-2 aebrary, Inc.40uhttp://site.ebrary.com/lib/rucke/Doc?id=10056832zAn electronic book accessible through the World Wide Web; click to view c171995d171995